000 01644nam2a22002771 4500
001 RU\NLR\INFOCOMM21\5000050185
005 20250617032023.0
035 _a(NLR Aleph) 002411152
090 _a1817432
_c1817432
100 _a20050128d1971 |||y0rusy50 ca
101 0 _arus
102 _aRU
105 _ay ||||000|y
200 1 _aЭкспериментальные и теоретические исследования компоновки с треугольным крылом, имеющим профиль без кривизны или с кривизной в диапазоне чисел М от 2,0 до 10,7
_fУ. Нельмс и др.
210 _d1971
_aБ. м.
225 1 _aПереводы
423 0 _12001#$aОколозвуковые профили, обтекаемые без скачков уплотнения$fР. Труитт
_1700#1$aТруитт$bР.
_tОколозвуковые профили, обтекаемые без скачков уплотнения
_aТруитт, Р.
461 0 _1001RU\NLR\INFOCOMM21\5000048626
_12001#$aОбзоры. Переводы. Рефераты$fЦАГИ. Бюро науч. информации$v№351
_93998302
_aЦентральный аэрогидродинамический институт им. Н. Е. Жуковского (Москва)
_c[М.]
_d1962-
_fЦАГИ. Бюро науч. информации
_tОбзоры. Переводы. Рефераты
_v№351
700 1 _aНельмс
_bУ.
_4070
801 1 _aRU
_bInfoComm
_c20050131
801 0 _aRU
_bNLR
_gPSBO
852 _aNLR
_jП11/2256
942 _cISSUE
980 _aNB
980 _aRUSPER